00469nam a2200157Ia 4500008004100000020001800041082001700059100003700076245003200113250000800145260004400153300002400197500001900221600002100240650005000261240925s9999 xx 000 0 und d a9781119546658 a004.6782 KIR aKirsch, Daniel ; Hurwitz, Judith 0aCloud computing for dummies a2nd aNew Jersey:bJohn wiley & Sonsc,2020. a1166p.b0fOriginal aIncludes Index aComputer Science aComputer science, information & general works